[Event "16. Torneo San Viator"]
[Site "Madrid ESP"]
[Date "2016.05.08"]
[Round "5.36"]
[White "Gonzalez Hilla, Antonio"]
[Black "Mosteiro Montoro, Alvaro"]
[Result "1-0"]
[WhiteElo "1484"]
[BlackElo "1533"]
[PlyCount "40"]
[EventDate "2016.04.03"]
[EventType "swiss"]
[EventRounds "9"]
[EventCountry "ESP"]
[Source "lmi"]
[SourceDate "2016.04.03"]

1. e4 c5 2. Nf3 Nc6 3. d4 cxd4 4. Nxd4 a6 5. c4 e5 6. Nxc6 bxc6 7. Nc3 Bb4 8.
Bd2 Nf6 9. Qf3 d6 10. h3 Be6 11. Bd3 O-O 12. O-O Qc7 13. a3 Bc5 14. Ne2 a5 15.
b4 axb4 16. axb4 Bb6 17. Nc3 Bd4 18. Qg3 Nh5 19. Qf3 Qb7 20. Qxh5 Bxf2+ 1-0

[Event "16. Torneo San Viator"]
[Site "Madrid ESP"]
[Date "2016.05.15"]
[Round "6.1"]
[White "Martinez Reyes, Pedro Ramon"]
[Black "Renteria, Jorge"]
[Result "1/2-1/2"]
[WhiteElo "2304"]
[BlackElo "2258"]
[PlyCount "70"]
[EventDate "2016.04.03"]
[EventType "swiss"]
[EventRounds "9"]
[EventCountry "ESP"]
[Source "lmi"]
[SourceDate "2016.04.03"]

1. e4 d6 2. d4 Nf6 3. Nc3 e5 4. Nf3 Nbd7 5. Bc4 Be7 6. O-O O-O 7. a4 c6 8. Re1
b6 9. d5 cxd5 10. Bxd5 Nxd5 11. Nxd5 Nf6 12. Nxf6+ Bxf6 13. c4 Be6 14. b3 Be7
15. Ba3 Qc7 16. Nd2 a6 17. Nf1 b5 18. Ne3 bxc4 19. bxc4 Rfc8 20. Nd5 Bxd5 21.
cxd5 Qa5 22. Qg4 g6 23. Reb1 h5 24. Qe2 Rab8 25. Rxb8 Rxb8 26. Qc2 Qb6 27. g3
h4 28. Kg2 Kg7 29. Ra2 Qb3 30. Qxb3 Rxb3 31. gxh4 f5 32. f4 Kf6 33. fxe5+ Kxe5
34. exf5 Kxf5 35. Re2 Rxa3 1/2-1/2

[Event "16. Torneo San Viator"]
[Site "Madrid ESP"]
[Date "2016.05.15"]
[Round "6.3"]
[White "Unciti Juan, Javier"]
[Black "Luna Hermoso, Angel"]
[Result "1-0"]
[WhiteElo "2048"]
[BlackElo "1960"]
[PlyCount "51"]
[EventDate "2016.04.03"]
[EventType "swiss"]
[EventRounds "9"]
[EventCountry "ESP"]
[Source "lmi"]
[SourceDate "2016.04.03"]

1. e4 e5 2. Nf3 Nc6 3. d4 exd4 4. Nxd4 Bc5 5. Be3 Qf6 6. c3 Nge7 7. Bc4 Na5 8.
Be2 Qg6 9. O-O d5 10. f4 Qxe4 11. Bf2 Qxf4 12. Nb5 Bd6 13. Nxd6+ cxd6 14. Bb5+
Nac6 15. Bd4 Qg5 16. Nd2 O-O 17. Nf3 Qh6 18. Qe2 Nf5 19. Bf2 Bd7 20. Qd3 Be6
21. Rae1 a6 22. Ba4 Ne5 23. Nxe5 dxe5 24. Rxe5 g6 25. h3 Nd6 26. Be3 1-0

[Event "16. Torneo San Viator"]
[Site "Madrid ESP"]
[Date "2016.05.15"]
[Round "6.4"]
[White "Cardena Contreras, Javier"]
[Black "Barahona Torrijos, Angel"]
[Result "1-0"]
[WhiteElo "1962"]
[BlackElo "1804"]
[PlyCount "41"]
[EventDate "2016.04.03"]
[EventType "swiss"]
[EventRounds "9"]
[EventCountry "ESP"]
[Source "lmi"]
[SourceDate "2016.04.03"]

1. e4 e5 2. f4 Nf6 3. Nc3 d5 4. exd5 e4 5. d3 Bb4 6. Nge2 Bg4 7. dxe4 O-O 8.
Qd3 Re8 9. Bd2 Bxe2 10. Bxe2 Bxc3 11. Bxc3 Nxe4 12. O-O c6 13. dxc6 Nxc6 14.
Rad1 Nxc3 15. bxc3 Qb6+ 16. Kh1 Re3 17. Qc4 Na5 18. Qb5 Rxc3 19. Qd7 Rxc2 20.
Bd3 Qc6 21. Bxc2 1-0

[Event "16. Torneo San Viator"]
[Site "Madrid ESP"]
[Date "2016.05.15"]
[Round "6.5"]
[White "Villacorta Nicolas, David"]
[Black "Suarez Uriel, Adrian"]
[Result "1/2-1/2"]
[WhiteElo "1976"]
[BlackElo "2294"]
[PlyCount "57"]
[EventDate "2016.04.03"]
[EventType "swiss"]
[EventRounds "9"]
[EventCountry "ESP"]
[Source "lmi"]
[SourceDate "2016.04.03"]

1. e4 c5 2. Nf3 Nc6 3. d4 cxd4 4. Nxd4 g6 5. c4 Nf6 6. Nc3 d6 7. Be2 Nxd4 8.
Qxd4 Bg7 9. Be3 O-O 10. Qd1 Be6 11. f3 Qa5 12. O-O Rfc8 13. Nd5 Bxd5 14. cxd5
Nd7 15. Qb3 Nc5 16. Bxc5 Qxc5+ 17. Kh1 Qc2 18. Bd3 Qxb3 19. axb3 Bxb2 20. Rab1
Bd4 21. Rfc1 Be3 22. Rc4 a6 23. Rb2 b5 24. Rcc2 Kf8 25. g3 Ke8 26. Ra2 Rxc2 27.
Rxc2 Bc5 28. Ra2 Ra7 29. Rxa6 1/2-1/2

[Event "16. Torneo San Viator"]
[Site "Madrid ESP"]
[Date "2016.05.15"]
[Round "6.7"]
[White "Mena Corrochano, Alberto"]
[Black "Lobato Rivero, Carlos"]
[Result "1-0"]
[WhiteElo "2121"]
[BlackElo "1963"]
[PlyCount "107"]
[EventDate "2016.04.03"]
[EventType "swiss"]
[EventRounds "9"]
[EventCountry "ESP"]
[Source "lmi"]
[SourceDate "2016.04.03"]

1. d4 Nf6 2. Nf3 d5 3. c4 c6 4. Nc3 e6 5. e3 Bd6 6. Qc2 Nbd7 7. Bd3 b6 8. e4
dxe4 9. Nxe4 Nxe4 10. Bxe4 Bb7 11. Bg5 Bb4+ 12. Ke2 Be7 13. Bf4 Nf6 14. Rhd1
Nxe4 15. Qxe4 O-O 16. Kf1 Bf6 17. Kg1 Qe7 18. c5 Rfd8 19. Bd6 Qe8 20. Qf4 bxc5
21. dxc5 Rd7 22. Rd2 Qd8 23. Qa4 Qc8 24. Rad1 Ba6 25. Ne5 Bxe5 26. Bxe5 Rxd2
27. Rxd2 Bb5 28. Qg4 Qf8 29. Rd7 a5 30. Bd6 Qe8 31. Re7 Qd8 32. a4 Bd3 33. Qf3
Bg6 34. Qxc6 Rc8 35. Qb5 h6 36. f3 Bc2 37. b3 Ra8 38. Qb7 Bg6 39. Qb6 Bc2 40.
Qxd8+ Rxd8 41. Rb7 Ra8 42. Kf2 Ra6 43. Rb8+ Kh7 44. Rb6 Ra8 45. c6 Rc8 46. c7
e5 47. g4 Bd3 48. Bxe5 f6 49. Bg3 Kg6 50. Ke3 Bf1 51. Rb8 Ba6 52. Kd4 h5 53.
gxh5+ Kg5 54. Kc5 1-0

[Event "16. Torneo San Viator"]
[Site "Madrid ESP"]
[Date "2016.05.15"]
[Round "6.8"]
[White "Lozano Freras, Sergio"]
[Black "Perdomo Araujo, Angel Eduardo"]
[Result "1/2-1/2"]
[WhiteElo "1925"]
[BlackElo "2060"]
[PlyCount "120"]
[EventDate "2016.04.03"]
[EventType "swiss"]
[EventRounds "9"]
[EventCountry "ESP"]
[Source "lmi"]
[SourceDate "2016.04.03"]

1. e4 e6 2. d4 d5 3. Bd3 dxe4 4. Bxe4 Nf6 5. Bf3 Be7 6. Ne2 Nbd7 7. O-O e5 8.
Re1 O-O 9. Nbc3 exd4 10. Nxd4 Nc5 11. Bg5 c6 12. Bxc6 Ne6 13. Nxe6 Bxe6 14.
Qxd8 Raxd8 15. Bf3 h6 16. Be3 b6 17. a3 Rc8 18. Rad1 Bxa3 19. Nb5 Bxb2 20. Nxa7
Rxc2 21. Bxb6 Rb8 22. Be3 Ng4 23. Bf4 Rb4 24. Be4 Rxe4 25. Rxe4 Nxf2 26. Rd8+
Kh7 27. Re1 Ng4 28. h3 Nf6 29. Be5 Ba3 30. Bxf6 gxf6 31. Nb5 Bc5+ 32. Kh2 Bc4
33. Nd6 Be6 34. Ne4 Be7 35. Re8 Rc7 36. Rxe7 Rxe7 37. Nxf6+ Kg6 38. Nd5 Ra7 39.
Nf4+ Kf5 40. Nxe6 fxe6 41. g4+ Kf6 42. Kg3 Ra3+ 43. Kh4 Rf3 44. Rg1 e5 45. Rg3
Rf4 46. Kh5 e4 47. Kxh6 Rf3 48. g5+ Kf5 49. Rxf3+ exf3 50. g6 f2 51. g7 f1=Q
52. g8=Q Qxh3+ 53. Kg7 Qc3+ 54. Kh7 Qh3+ 55. Kg7 Qg4+ 56. Kf7 Qc4+ 57. Kg7 Qd4+
58. Kh7 Qh4+ 59. Kg7 Qf6+ 60. Kh7 Qh4+ 1/2-1/2

[Event "16. Torneo San Viator"]
[Site "Madrid ESP"]
[Date "2016.05.15"]
[Round "6.9"]
[White "Garcia Sanjuan, Jose"]
[Black "Pindado Campos, Raul"]
[Result "1/2-1/2"]
[WhiteElo "1864"]
[BlackElo "2009"]
[PlyCount "113"]
[EventDate "2016.04.03"]
[EventType "swiss"]
[EventRounds "9"]
[EventCountry "ESP"]
[Source "lmi"]
[SourceDate "2016.04.03"]

1. Nf3 d5 2. b3 Nc6 3. Bb2 Nf6 4. e3 a6 5. h3 Bf5 6. g4 Be4 7. d3 Bxf3 8. Qxf3
e5 9. a3 h6 10. Nd2 Bd6 11. Bg2 Qe7 12. Qe2 O-O-O 13. c4 e4 14. d4 dxc4 15.
bxc4 Qd7 16. Nxe4 Rhe8 17. Nxf6 gxf6 18. Bxc6 Qxc6 19. d5 Qb6 20. Bxf6 Rd7 21.
Bd4 c5 22. dxc6 Qxc6 23. O-O Bb8 24. Qc2 Qf3 25. Qf5 Qxh3 26. f4 Rg8 27. Kf2
Rxg4 28. Ke1 Qh4+ 29. Kd2 Rg2+ 30. Kc3 Bc7 31. Rab1 Qe7 32. Bc5 Ba5+ 33. Kb3
Qe6 34. Qxe6 fxe6 35. Rbd1 Bd8 36. Rxd7 Kxd7 37. Rd1+ Kc7 38. Rh1 Rg6 39. Bf8
Rg3 40. Bc5 Kc6 41. Bd4 Bb6 42. Kc2 Bxd4 43. exd4 Rg6 44. Rh5 Kd6 45. Kc3 Rg3+
46. Kb4 Rg6 47. Ka5 Kc7 48. Rc5+ Kb8 49. Rh5 Rf6 50. Kb4 Kc7 51. Kc3 Kd6 52. a4
b6 53. Kd3 Rxf4 54. Rxh6 Kd7 55. Rh7+ Kc6 56. Rh6 Kd7 57. Rh7+ 1/2-1/2

[Event "16. Torneo San Viator"]
[Site "Madrid ESP"]
[Date "2016.05.15"]
[Round "6.10"]
[White "Luque Ibanez, Manuel"]
[Black "Lopez-Andujar Ocana, Antonio"]
[Result "1-0"]
[WhiteElo "1961"]
[BlackElo "2051"]
[PlyCount "99"]
[EventDate "2016.04.03"]
[EventType "swiss"]
[EventRounds "9"]
[EventCountry "ESP"]
[Source "lmi"]
[SourceDate "2016.04.03"]

1. e4 c5 2. c3 Nf6 3. e5 Nd5 4. d4 cxd4 5. Nf3 Nc6 6. cxd4 d6 7. Bc4 Nb6 8. Bb3
dxe5 9. Nxe5 Nxe5 10. dxe5 Qxd1+ 11. Bxd1 e6 12. O-O Nc4 13. Re1 Bc5 14. Nd2
Bb4 15. Re4 Bxd2 16. Rxc4 Ba5 17. Be3 b5 18. Rg4 Bb7 19. Rxg7 Rd8 20. Bh5 Rd7
21. Rd1 Rxd1+ 22. Bxd1 Be4 23. Rg3 a6 24. Bc5 Bc7 25. f4 h5 26. Be2 Kd7 27. b4
h4 28. Ra3 Bb7 29. Kf2 Rh6 30. Rd3+ Kc8 31. Rc3 Kd7 32. Rd3+ Kc8 33. Bd6 Bb6+
34. Kf1 Bd5 35. Rc3+ Kb7 36. Bf3 Bxf3 37. Rxf3 a5 38. bxa5 Bxa5 39. Rh3 Bd8 40.
g4 f6 41. exf6 Rxf6 42. g5 Rf5 43. Ke2 Kc6 44. Bb8 Kb7 45. g6 Rf6 46. g7 Rg6
47. Be5 Bc7 48. Bf6 Bxf4 49. Rxh4 Bg5 50. Rg4 1-0

[Event "16. Torneo San Viator"]
[Site "Madrid ESP"]
[Date "2016.05.15"]
[Round "6.11"]
[White "Garcia Galeote, Lorenzo"]
[Black "Marin Aso, Jose Luis"]
[Result "1/2-1/2"]
[WhiteElo "2026"]
[BlackElo "1881"]
[PlyCount "44"]
[EventDate "2016.04.03"]
[EventType "swiss"]
[EventRounds "9"]
[EventCountry "ESP"]
[Source "lmi"]
[SourceDate "2016.04.03"]

1. d4 g6 2. c4 Bg7 3. Nc3 d6 4. e4 e5 5. Nge2 Ne7 6. Be3 O-O 7. Qd2 f5 8. f3
Nd7 9. O-O-O a6 10. Bg5 Qe8 11. Bxe7 Qxe7 12. exf5 gxf5 13. Kb1 Nf6 14. dxe5
dxe5 15. Nd5 Qf7 16. Nec3 Be6 17. Qc2 c6 18. Nxf6+ Bxf6 19. Bd3 Bg7 20. g4 e4
21. fxe4 fxg4 22. Rdf1 Qh5 1/2-1/2

[Event "16. Torneo San Viator"]
[Site "Madrid ESP"]
[Date "2016.05.15"]
[Round "6.12"]
[White "Gonzalez-Ruano Perez, Cesar"]
[Black "Mazo Fernandez, Roberto"]
[Result "1/2-1/2"]
[WhiteElo "1918"]
[BlackElo "1990"]
[PlyCount "93"]
[EventDate "2016.04.03"]
[EventType "swiss"]
[EventRounds "9"]
[EventCountry "ESP"]
[Source "lmi"]
[SourceDate "2016.04.03"]

1. e4 c5 2. Nc3 d6 3. Bb5+ Bd7 4. Bc4 Nc6 5. f4 Na5 6. Be2 g6 7. Nf3 Bg7 8. O-O
e6 9. d3 a6 10. Qe1 Nc6 11. Qg3 f5 12. Be3 Nd4 13. Bd1 Ne7 14. e5 dxe5 15. Nxe5
Nec6 16. Nc4 b5 17. Ne5 Qc7 18. Nxd7 Qxd7 19. Re1 O-O 20. Rb1 Rae8 21. Ne2 e5
22. c3 Nxe2+ 23. Bxe2 exf4 24. Qxf4 Be5 25. Qf2 Qc7 26. h3 Bg3 27. Qf3 Bxe1 28.
Rxe1 Ne7 29. Qf2 Nd5 30. Bxc5 Rf7 31. c4 bxc4 32. dxc4 Nf4 33. Ba3 Nxe2+ 34.
Rxe2 Rxe2 35. Qxe2 Qc6 36. b3 Rf6 37. Qd2 Kf7 38. Qh6 Kg8 39. Bb2 Rf7 40. Qe3
Qe4 41. Qc3 Kf8 42. Ba3+ Ke8 43. Qh8+ Kd7 44. Qb8 Qc6 45. Qa7+ Ke6 46. Qe3+ Kd7
47. Qa7+ 1/2-1/2

[Event "16. Torneo San Viator"]
[Site "Madrid ESP"]
[Date "2016.05.15"]
[Round "6.13"]
[White "Marcos Herrero, Francisco"]
[Black "Bartolome Martin, Angel"]
[Result "1/2-1/2"]
[WhiteElo "1978"]
[BlackElo "1842"]
[PlyCount "106"]
[EventDate "2016.04.03"]
[EventType "swiss"]
[EventRounds "9"]
[EventCountry "ESP"]
[Source "lmi"]
[SourceDate "2016.04.03"]

1. d4 d5 2. c4 c6 3. Nf3 Nf6 4. g3 e6 5. Bg2 Nbd7 6. O-O dxc4 7. Qc2 Be7 8.
Qxc4 O-O 9. Rd1 Re8 10. Nc3 Bf8 11. e4 Qa5 12. a3 c5 13. Be3 cxd4 14. Nxd4 a6
15. b4 Qh5 16. Qe2 Qxe2 17. Ndxe2 Ne5 18. h3 Nc4 19. Bg5 Nd7 20. Nd4 e5 21. Nf5
f6 22. Bc1 Ndb6 23. Ne3 Nxe3 24. Bxe3 Nc4 25. Bc1 Be6 26. Nd5 Rac8 27. Bf1 b5
28. Ne3 Nxe3 29. Bxe3 Be7 30. Kg2 Red8 31. Be2 Rxd1 32. Rxd1 Rd8 33. Rc1 Rc8
34. Bg4 Bxg4 35. hxg4 Rxc1 36. Bxc1 Bd8 37. f4 Kf7 38. f5 Bb6 39. g5 Bd4 40.
gxf6 gxf6 41. g4 Kg7 42. Kf3 h6 43. Kg3 Bc3 44. Kh4 Bd4 45. Kg3 Bc3 46. Kf3 Bd4
47. Ke2 Bc3 48. Kd3 Bd4 49. Kc2 Bf2 50. Kd3 Bh4 51. Ke2 Bg5 52. Bxg5 hxg5 53.
Kd3 Kh8 1/2-1/2

[Event "16. Torneo San Viator"]
[Site "Madrid ESP"]
[Date "2016.05.15"]
[Round "6.14"]
[White "Sotoca Aguado, Jose"]
[Black "Jordana Vargas, Julio"]
[Result "1/2-1/2"]
[WhiteElo "1873"]
[BlackElo "1973"]
[PlyCount "62"]
[EventDate "2016.04.03"]
[EventType "swiss"]
[EventRounds "9"]
[EventCountry "ESP"]
[Source "lmi"]
[SourceDate "2016.04.03"]

1. e4 c5 2. Nf3 Nc6 3. d4 cxd4 4. Nxd4 g6 5. Be3 Bg7 6. Nc3 Nf6 7. Be2 O-O 8.
O-O d5 9. exd5 Nxd5 10. Nxd5 Qxd5 11. c4 Qa5 12. Nxc6 bxc6 13. Bd2 Qb6 14. Bc3
Bxc3 15. bxc3 Be6 16. Qc1 Rfd8 17. Rd1 Rxd1+ 18. Qxd1 Rd8 19. Qc1 Qc5 20. Qf4
Qa5 21. Qe3 Qa4 22. h3 Qc2 23. a4 a5 24. Bf1 Rd1 25. Rxd1 Qxd1 26. Qf4 Qe1 27.
Qd4 Qa1 28. Qd8+ Kg7 29. Qd4+ f6 30. Qe4 Kf7 31. Qxc6 Qxc3 1/2-1/2

[Event "16. Torneo San Viator"]
[Site "Madrid ESP"]
[Date "2016.05.15"]
[Round "6.15"]
[White "Rosa Ramirez, Victor D"]
[Black "Casas Rios, Ramon"]
[Result "0-1"]
[WhiteElo "1972"]
[BlackElo "1825"]
[PlyCount "80"]
[EventDate "2016.04.03"]
[EventType "swiss"]
[EventRounds "9"]
[EventCountry "ESP"]
[Source "lmi"]
[SourceDate "2016.04.03"]

1. e4 c6 2. Nc3 d5 3. Qf3 dxe4 4. Nxe4 Nd7 5. d4 Ndf6 6. c3 Nxe4 7. Qxe4 Nf6 8.
Qc2 Bg4 9. h3 Bh5 10. Ne2 Bg6 11. Qb3 Qb6 12. Nf4 Qxb3 13. axb3 Bc2 14. b4 e6
15. b5 c5 16. b6 a6 17. Bb5+ Kd8 18. Be3 cxd4 19. Bxd4 Bd6 20. Be3 Ke7 21. Bc4
Rhc8 22. Ba2 Bc5 23. Bxc5+ Rxc5 24. O-O Rb5 25. Rac1 Rxb2 26. Bb1 Ba4 27. Rfe1
Bc6 28. Nd3 Rxb6 29. f4 Rd8 30. Nb4 Rd2 31. Nxc6+ Rxc6 32. f5 b5 33. g4 Nd5 34.
fxe6 fxe6 35. Bxh7 Rxc3 36. Rxc3 Nxc3 37. Ra1 Rd6 38. Kg2 b4 39. Kg3 b3 40. Rc1
Ne2+ 0-1

[Event "16. Torneo San Viator"]
[Site "Madrid ESP"]
[Date "2016.05.15"]
[Round "6.16"]
[White "Garcia Bartolome, Sergio"]
[Black "Martin Diaz, Juan"]
[Result "1-0"]
[WhiteElo "2091"]
[BlackElo "1678"]
[PlyCount "45"]
[EventDate "2016.04.03"]
[EventType "swiss"]
[EventRounds "9"]
[EventCountry "ESP"]
[Source "lmi"]
[SourceDate "2016.04.03"]

1. e4 c5 2. d4 cxd4 3. c3 dxc3 4. Nxc3 Nc6 5. Nf3 d6 6. Bc4 a6 7. O-O Nf6 8.
Qe2 Bg4 9. Rd1 Bxf3 10. gxf3 e6 11. f4 Qb8 12. Be3 Be7 13. a4 O-O 14. Kh1 Nxe4
15. Nxe4 d5 16. Bxd5 exd5 17. Rxd5 Rd8 18. Rh5 h6 19. Rg1 Kh7 20. Qg4 Rg8 21.
Qf5+ g6 22. Qxf7+ Rg7 23. Rxg6 1-0

[Event "16. Torneo San Viator"]
[Site "Madrid ESP"]
[Date "2016.05.15"]
[Round "6.17"]
[White "Gonzalez Berrendero, Carlos"]
[Black "Martinez De Navascues, Francisco"]
[Result "1-0"]
[WhiteElo "1822"]
[BlackElo "1912"]
[PlyCount "91"]
[EventDate "2016.04.03"]
[EventType "swiss"]
[EventRounds "9"]
[EventCountry "ESP"]
[Source "lmi"]
[SourceDate "2016.04.03"]

1. b3 Nf6 2. Bb2 g6 3. e4 Bg7 4. g3 O-O 5. Bg2 d6 6. d4 Nbd7 7. Ne2 e5 8. Nbc3
Re8 9. O-O c6 10. d5 c5 11. Nb5 Nf8 12. a4 a6 13. Na3 Rb8 14. Nc3 Nh5 15. Bf3
Nf6 16. Nc4 g5 17. a5 g4 18. Bg2 Ng6 19. Na4 Qe7 20. Nab6 h5 21. f3 gxf3 22.
Nxc8 Rbxc8 23. Qxf3 h4 24. Rf2 hxg3 25. hxg3 Rf8 26. Raf1 Rcd8 27. Bc1 Qd7 28.
Ne3 Nh7 29. Nf5 f6 30. Bh3 Qf7 31. Nh6+ Bxh6 32. Be6 Bxc1 33. Bxf7+ Rxf7 34.
Rxc1 Ng5 35. Qf5 Kg7 36. Rh2 Ne7 37. Qg4 Ng6 38. Kg2 Rh8 39. Rxh8 Nxh8 40. Rh1
Ng6 41. Qh5 Rc7 42. Qh6+ Kf7 43. Rf1 Rc8 44. Rf5 Rf8 45. Qxg5 Nf4+ 46. gxf4 1-0

[Event "16. Torneo San Viator"]
[Site "Madrid ESP"]
[Date "2016.05.15"]
[Round "6.19"]
[White "Yeves Miquel, Enrique"]
[Black "Rodriguez Camarillo, Diana"]
[Result "1/2-1/2"]
[WhiteElo "1864"]
[BlackElo "1676"]
[PlyCount "70"]
[EventDate "2016.04.03"]
[EventType "swiss"]
[EventRounds "9"]
[EventCountry "ESP"]
[Source "lmi"]
[SourceDate "2016.04.03"]

1. d4 d5 2. c4 c6 3. Nc3 Nf6 4. e3 g6 5. Nf3 Bg7 6. Be2 O-O 7. O-O b6 8. b4
Nbd7 9. a4 Re8 10. Qb3 Bb7 11. cxd5 cxd5 12. Rd1 Rc8 13. Bb2 e6 14. a5 Bf8 15.
axb6 Qxb6 16. Ba3 a6 17. Rdb1 Qc7 18. Rc1 Qb8 19. b5 axb5 20. Bxf8 Rxf8 21.
Bxb5 Bc6 22. Rab1 Bxb5 23. Nxb5 Ne4 24. Rxc8 Rxc8 25. Qd1 Qa8 26. Nd2 Ndf6 27.
Nxe4 Nxe4 28. f3 Nc3 29. Nxc3 Rxc3 30. Qd2 Qc8 31. Re1 Qc4 32. Re2 Rd3 33. Qb2
Rb3 34. Qd2 Qc7 35. g3 Rc3 1/2-1/2

[Event "16. Torneo San Viator"]
[Site "Madrid ESP"]
[Date "2016.05.15"]
[Round "6.20"]
[White "Gil Calvente, Jose Antonio"]
[Black "Soderstrom, Henrik"]
[Result "0-1"]
[WhiteElo "1732"]
[BlackElo "1862"]
[PlyCount "92"]
[EventDate "2016.04.03"]
[EventType "swiss"]
[EventRounds "9"]
[EventCountry "ESP"]
[Source "lmi"]
[SourceDate "2016.04.03"]

1. d4 Nf6 2. Nf3 d5 3. e3 g6 4. c4 c6 5. Nc3 Bg7 6. Qb3 O-O 7. Be2 e6 8. O-O
Nbd7 9. cxd5 exd5 10. Bd2 Re8 11. Rac1 h5 12. h3 Rb8 13. Qc2 Ne4 14. Nxe4 dxe4
15. Ne1 Qg5 16. Bb4 Nb6 17. Bd6 Ra8 18. Bf4 Qf5 19. f3 Nd5 20. g4 hxg4 21. fxg4
Qf6 22. Ng2 Nxf4 23. Nxf4 Qh4 24. Kh2 Bd7 25. Ng2 Qg5 26. Rf2 Bf8 27. Rcf1 Bd6+
28. Kg1 f5 29. h4 Qe7 30. Bc4+ Kh7 31. g5 Bg3 32. Re2 Kg7 33. Rf4 Rh8 34. Qb3
b5 35. Qc3 bxc4 36. d5+ Kf7 37. dxc6 Bxf4 38. cxd7 Be5 39. Qxc4+ Kg7 40. Rd2
Rhd8 41. Qc6 Rab8 42. Nf4 Bxf4 43. exf4 Rb6 44. Qc3+ Kh7 45. Qc7 e3 46. Rd5 e2
0-1

[Event "16. Torneo San Viator"]
[Site "Madrid ESP"]
[Date "2016.05.15"]
[Round "6.21"]
[White "De Juan Rivas, Antonio"]
[Black "Giralda Gomez, David"]
[Result "0-1"]
[WhiteElo "1667"]
[BlackElo "1856"]
[PlyCount "98"]
[EventDate "2016.04.03"]
[EventType "swiss"]
[EventRounds "9"]
[EventCountry "ESP"]
[Source "lmi"]
[SourceDate "2016.04.03"]

1. f4 d5 2. Nf3 c5 3. e3 Nf6 4. b3 Nc6 5. Bb5 a6 6. Bxc6+ bxc6 7. Bb2 e6 8. Ne5
Qc7 9. O-O Bd6 10. Rf3 O-O 11. Rh3 a5 12. a4 Rb8 13. Qe1 c4 14. Qh4 h6 15. Rg3
Ne4 16. Rg4 f6 17. Nf3 e5 18. d3 Bxg4 19. Qxg4 cxd3 20. cxd3 Nc5 21. d4 Nd3 22.
dxe5 fxe5 23. fxe5 Nxb2 24. Qe6+ Kh8 25. Qxd6 Qxd6 26. exd6 Rxb3 27. Kf2 Nc4
28. d7 Rb2+ 29. Ke1 Nxe3 30. Na3 Nxg2+ 31. Kd1 Rb7 32. Ra2 Rxd7 33. Ne5 Ne3+
34. Kc1 Rd6 35. Rd2 Rf1+ 36. Kb2 Rd8 37. Nxc6 Rc8 38. Ne7 Rb8+ 39. Kc3 Rc1+ 40.
Nc2 Rxc2+ 41. Rxc2 Nxc2 42. Kxc2 g5 43. Nxd5 Kg7 44. Kd3 Rd8 45. Kc4 Rxd5 46.
Kxd5 h5 47. Kc5 g4 48. Kb5 h4 49. Kxa5 g3 0-1

[Event "16. Torneo San Viator"]
[Site "Madrid ESP"]
[Date "2016.05.15"]
[Round "6.22"]
[White "Juzgado Niella, Angel Luis"]
[Black "Perez Gonzalez, Daniel"]
[Result "0-1"]
[WhiteElo "1566"]
[BlackElo "1849"]
[PlyCount "70"]
[EventDate "2016.04.03"]
[EventType "swiss"]
[EventRounds "9"]
[EventCountry "ESP"]
[Source "lmi"]
[SourceDate "2016.04.03"]

1. e4 c5 2. Nf3 e6 3. d4 cxd4 4. Nxd4 Nc6 5. c3 Nf6 6. Be3 Nxe4 7. Bd3 Nf6 8.
O-O d5 9. Nd2 Be7 10. h3 O-O 11. N2f3 Qc7 12. Nb5 Qb8 13. Bg5 a6 14. Bxf6 Bxf6
15. Na3 b5 16. Nc2 e5 17. Nh2 e4 18. Be2 Be5 19. Ng4 Be6 20. Nxe5 Qxe5 21. Re1
Qg5 22. Kh1 Rad8 23. Nd4 Nxd4 24. Qxd4 f5 25. Bf1 Rf6 26. a4 f4 27. Rxe4 Rg6
28. Re5 Qh6 29. Kh2 f3 30. g3 bxa4 31. Rae1 Bf7 32. Bxa6 Rxa6 33. Re7 Re6 34.
Qxa4 Rxe1 35. Rxe1 Qd2 0-1

[Event "16. Torneo San Viator"]
[Site "Madrid ESP"]
[Date "2016.05.15"]
[Round "6.23"]
[White "Tarrio Ocana, Jose Manuel"]
[Black "Mendez Martinez, Miguel Angel"]
[Result "1/2-1/2"]
[WhiteElo "1829"]
[BlackElo "1802"]
[PlyCount "110"]
[EventDate "2016.04.03"]
[EventType "swiss"]
[EventRounds "9"]
[EventCountry "ESP"]
[Source "lmi"]
[SourceDate "2016.04.03"]

1. e4 e6 2. d4 d5 3. exd5 exd5 4. Bd3 Nf6 5. Nf3 Bd6 6. O-O O-O 7. Bg5 h6 8.
Bh4 Bg4 9. Nbd2 Nbd7 10. c3 c5 11. Qc2 Qc7 12. Bg3 Bxg3 13. fxg3 c4 14. Bf5
Rae8 15. Rae1 Qb6 16. Bxd7 Nxd7 17. Kh1 Qd6 18. Qc1 g5 19. Rxe8 Rxe8 20. Re1
Re6 21. Nf1 Bxf3 22. gxf3 Rxe1 23. Qxe1 Qe6 24. Qxe6 fxe6 25. Ne3 Nf6 26. Kg2
Kg7 27. h3 h5 28. Kf2 Kg6 29. Kg2 Ne8 30. Nd1 Nd6 31. Ne3 b5 32. g4 h4 33. Kf2
a5 34. Nc2 Kf6 35. Ke3 Nc8 36. Ne1 b4 37. cxb4 axb4 38. Nc2 c3 39. bxc3 bxc3
40. Kd3 e5 41. Kxc3 Nd6 42. Kd3 e4+ 43. Ke3 Nc4+ 44. Kf2 Nd2 45. fxe4 Nxe4+ 46.
Ke3 Nc3 47. a3 Ke7 48. Ne1 Kd6 49. Nf3 Ne4 50. Ne5 Kc7 51. Ng6 Kb6 52. Ne7 Nf6
53. Nf5 Kb5 54. Nd6+ Ka4 55. Nf7 Ne4 1/2-1/2

[Event "16. Torneo San Viator"]
[Site "Madrid ESP"]
[Date "2016.05.15"]
[Round "6.24"]
[White "Rodriguez Garcia, Alberto"]
[Black "Cano Mercado, Francisco Manuel"]
[Result "0-1"]
[WhiteElo "1762"]
[BlackElo "1824"]
[PlyCount "66"]
[EventDate "2016.04.03"]
[EventType "swiss"]
[EventRounds "9"]
[EventCountry "ESP"]
[Source "lmi"]
[SourceDate "2016.04.03"]

1. d4 d5 2. c4 e5 3. dxe5 d4 4. Nf3 Nc6 5. g3 Be6 6. b3 Bb4+ 7. Bd2 Nge7 8. Bg2
Qd7 9. O-O O-O-O 10. a3 Bxd2 11. Nbxd2 Ng6 12. Ne4 Qe7 13. Nfg5 Ngxe5 14. Nxe6
fxe6 15. Qc1 Na5 16. Qd1 d3 17. e3 h5 18. h3 g5 19. f4 gxf4 20. exf4 Nf7 21.
Rf3 d2 22. Rc3 Nd6 23. Nxd2 Qf6 24. Rac1 Qd4+ 25. Kh2 Nf5 26. R3c2 Ne3 27. Qe1
Nxc2 28. Qxe6+ Kb8 29. Rxc2 h4 30. Qe4 hxg3+ 31. Kxg3 Rhg8+ 32. Kh2 Qf2 33. Nf3
Rxg2+ 0-1

[Event "16. Torneo San Viator"]
[Site "Madrid ESP"]
[Date "2016.05.15"]
[Round "6.25"]
[White "Sirera Ripoll, Jose Luis"]
[Black "Vaquerizo Calvo, Miguel A"]
[Result "1-0"]
[WhiteElo "1821"]
[BlackElo "1797"]
[PlyCount "99"]
[EventDate "2016.04.03"]
[EventType "swiss"]
[EventRounds "9"]
[EventCountry "ESP"]
[Source "lmi"]
[SourceDate "2016.04.03"]

1. e4 g6 2. d4 Bg7 3. Be3 c5 4. Nc3 Qa5 5. Qd2 cxd4 6. Bxd4 Bxd4 7. Qxd4 Nf6 8.
Nf3 Nc6 9. Qd2 d6 10. O-O-O Be6 11. a3 Rc8 12. Nd4 Nxd4 13. Qxd4 O-O 14. Kb1
Qc5 15. f3 a6 16. Rd2 b5 17. Be2 Rc7 18. Rc1 Rb8 19. Qxc5 Rxc5 20. Na2 a5 21.
b3 b4 22. axb4 axb4 23. Rd4 Rbc8 24. Rxb4 d5 25. Bd3 Ra8 26. Kb2 dxe4 27. Bxe4
Nxe4 28. Rxe4 Bf5 29. Rxe7 Rxc2+ 30. Rxc2 Bxc2 31. Nc3 Bf5 32. b4 Kf8 33. Re2
Be6 34. Rd2 h5 35. Ne4 Ra2+ 36. Kc3 Ra3+ 37. Kd4 Rb3 38. Kc5 Ke7 39. Nd6 g5 40.
b5 Rc3+ 41. Kb6 Bd7 42. Kb7 Rb3 43. b6 g4 44. fxg4 Bxg4 45. Kc7 Rc3+ 46. Kb8
Be6 47. b7 Bd7 48. Nc8+ Ke8 49. Na7 Bg4 50. Ka8 1-0